Thesaurus Words (A-Z) Quiz Stats

Quiz Updated May 18, 2013

Challenge
Share
Tweet
Embed
Score 0/26 Timer 06:00
0 Plays Today
Roget's Choices Word % Correct
Medical Dressing, Strip, WrapperBandage
94%
Bookkeeper, Calculator, Financial OfficerAccountant
91%
Hag, Ill-Humored Woman, SorceressWitch
87.1%
Nozzle, Olfactory Organ, ProtuberanceNose
86.3%
Gem Stone, Green Color, Inferior HorseJade
85.5%
Piano, Thousand, U.S. MoneyGrand
85.1%
Royal Seat, Toilet, GlorifyThrone
81.7%
Arbitrator, Judge, RefereeUmpire
80.8%
Cavalier, Chessman, CombatantKnight
80.2%
Drum, Lure, TrapSnare
76%
Ancestors, Antiquated Person, ChurchmanElder
73.5%
Paean, Sacred Music, ThanksHymn
71.1%
Cord, Lie, StoryYarn
70.6%
Roget's Choices Word % Correct
Believer, Enthusiast, FanaticZealot
70.3%
Beast of Burden, Hybrid, Obstinate PersonMule
69.7%
Bird, Male Animal, StrutterPeacock
68.5%
Bright, Colorful, DescriptiveVivid
67.5%
Child, Descendant, FamilyOffspring
63.9%
Exclusiveness, Hate, PrejudiceXenophobia
59.2%
Charlatan, Impostor, Bird SoundQuack
57.4%
Absent Oneself, Be Destroyed, Be InvisibleDisappear
56.5%
Cereal, Whiteness, PowderFlour
45.2%
Flounder, Hardness, MusicRock
44.4%
Center, City, FundsCapital
32.5%
Concealed, Dormant, SecretLatent
29.9%
Entertainer, Imitator, ImpostorImpersonator
28%

You're not logged in!

Compare scores with friends on all Sporcle quizzes.
Join for Free
OR
Log In

You Might Also Like...

Show Comments

Extras

Top Quizzes Today


Score Distribution

Your Account Isn't Verified!

In order to create a playlist on Sporcle, you need to verify the email address you used during registration. Go to your Sporcle Settings to finish the process.

Report this User

Report this user for behavior that violates our Community Guidelines.

Details: